000 00529nam a2200217Ia 4500
008 210210b2005 xxu||||| |||| 00| 0 eng d
020 _a9788120343740
041 _aeng
082 _a651.3 QUIA
100 _aQUIBLE (Zane K)
245 _aAdministrative office management Ed 8
250 _a
260 _aND
_bPHI Learning Pvt. Ltd.
_c2005
300 _axxv,596
650 _aoffice
650 _amanagement
650 _aIntroduction
650 _aAdministrative
690 _aOffice Management
906 _a067589
999 _c150632
_d150632